Personagens de Carros (filme de 2006) - Statistics

Estatísticas Gerais
  • Esse quiz foi jogado 355 vezes
  • A pontuação média é 9 de 16
Estatísticas das Respostas
Imagem Resposta % Correto
Relâmpago Mcqueen
98%
Tom Mate
90%
Doc Hudson
80%
Mack
78%
Sally Carrera
76%
Luigi
65%
Guido
58%
Chick Hicks
55%
Flo
49%
Sargento
44%
Xerife
41%
Ruivo
32%
Fillmore
31%
Ramone
29%
Strip Weathers
25%
Lizzie
21%
Nenhum quiz correspondente encontrado
Distribuição das Pontuações
Porcentagem de Pessoas com Cada Pontuação
Percentil de Números Respondidos
Sua Pontuação Histórica
Você não jogou esse quiz